Gaming Quiz

Random Gaming or Video Games Quiz

Justice League Task Force Characters Quiz Stats

 Plays Quiz not verified by Sporcle

Score 0/9 Timer 02:30
0 Plays Today
% Correct
Batman
89.9%
Wonder Woman
87.2%
Aquaman
86.2%
Superman
86.2%
The Flash
85.3%
Green Arrow
75.2%
Darkseid
43.1%
Cheetah
39.4%
Despero
33%

You're not logged in!

Compare scores with friends on all Sporcle quizzes.
OR
Log In

You Might Also Like...

Show Comments

Extras

Top Quizzes Today


Score Distribution

Your Account Isn't Verified!

In order to create a playlist on Sporcle, you need to verify the email address you used during registration. Go to your Sporcle Settings to finish the process.

Report this User

Report this user for behavior that violates our Community Guidelines.

Details: